000 01193cam a22002891 4500
001 pa 66000016
003 DLC
005 20260227111857.0
008 770428s1966 dcu f000 0 eng c
010 _apa 66000016
035 _a(OCoLC)2924025
040 _aPan American Union. Library
_cFU-L
_dNIC
_dCLU
_dDLC
041 1 _aeng
_hspa
042 _apremarc
050 0 0 _aLAW <Central America Nicaragua 1 Const. 1966 (LL Hisp)>
082 _a342.728501
110 1 _aNicaragua.
240 1 0 _aConstitución (1950)
245 1 0 _aConstitution of the Republic of Nicaragua, 1950 (as amended).
260 _aWashington,
_bPan American Union,
_c1966.
300 _aiv, 52 p.
_c28 cm.
500 _a"This edition is a translation from Constitución política con notas que contienen las reformas vigentes; Ley de amparo y Ley marcial de la República de Nicaragua, printed by Tálleres Nacionales, Managua, August 1962."
500 _a"This series is published under the direction of the General Legal Division, Department of Legal Affairs."
651 0 _aNicaragua
_xConstitution.
650 0 _aConstitutional law
_zNicaragua.
710 2 _aPan American Union.
_bGeneral Legal Division.
999 _c51584
_d51584